Stuart Little 2 "La aventura continua" (Registro nro. 49332)
[ vista simple ]
| 000 -LÍDER | |
|---|---|
| Campo fijo de descripción fija | 002730000a22001210004500 |
| 082 04 - NÚMERO DE CLASIFICACIÓN DECIMAL DEWEY | |
| Número de clasificación | DVD 064 |
| 001 - NÚMERO DE CONTROL | |
| Campo de control | 2186 |
| 110 1# - ASIENTO PRINCIPAL--NOMBRE CORPORATIVO | |
| Nombre corporativo o de jurisdicción como elemento de entrada | Columbia Pictures |
| 245 10 - TÍTULO | |
| Título del Material | Stuart Little 2 "La aventura continua" |
| 260 ## - PUBLICACIÓN, DISTRIBUCIÓN, ETC. (PIE DE IMPRENTA) | |
| Lugar de publicación, distribución, etc. | Argentina: Videolar S.A. |
| 505 00 - NOTA DE CONTENIDO | |
| Nota de contenido con formato preestablecido | 77 minutos |
| 942 ## - TIPO DE MATERIAL (KOHA) | |
| Tipo de Item KOHA | Z- Libro General BINCO |
| Estado de Material | Estado de Perdido | Volumen-Parte/Tomo | Estado de Dañado | No para Préstamo | Tomo | Biblioteca de Origen | Biblioteca Permanente | Fecha de Adquisición | Total de Préstamos | Total de Renovaciones | Signatura Topográfica | Código de Barras | Última vez visto | Última vez Préstado | Ejemplar/Existencia | Fecha de Remplazo | Tipo de Material |
|---|---|---|---|---|---|---|---|---|---|---|---|---|---|---|---|---|---|
| Biblioteca Infantil Comunitaria BINCO | Biblioteca Infantil Comunitaria BINCO | 21/05/2013 | 2 | 2 | DVD 064 | B33249 | 16/02/2022 | 06/03/2020 | 1 | 26/01/2016 | Z- Libro General BINCO |
